[Event "Reykjavik op"]
[Site "Reykjavik"]
[Date "2023.04.04"]
[Round "9"]
[White "Hardarson, Petur Palmi"]
[Black "Kjartansson, Dagur"]
[Result "1-0"]
[WhiteElo "2069"]
[BlackElo "1835"]
[PlyCount "71"]
[EventDate "2023.03.29"]
[EventType "swiss"]
[EventRounds "9"]
[EventCountry "ISL"]
[SourceTitle "EXT 2024"]
[Source "ChessBase"]
[SourceDate "2023.10.10"]
[SourceVersion "1"]
[SourceVersionDate "2023.10.10"]
[SourceQuality "1"]

1. d4 Nf6 2. c4 e6 3. Nf3 Bb4+ 4. Nbd2 c5 5. e3 Nc6 6. a3 Qa5 7. Bd3 cxd4 8. exd4 Be7 9. 0-0 0-0 10. b4 Qc7 11. Bb2 b6 12. Rc1 Qd8 13. d5 exd5 14. cxd5 Nxd5 15. b5 Na5 16. Nd4 Nf4 17. Bb1 Ng6 18. Ne4 d5 19. Ng3 Nc4 20. Ba1 Bg5 21. Nc6 Qc7 22. Rc3 Be6 23. Nh5 Bh6 24. Rg3 Nd2 25. Bxg7 Nxf1 26. Bxh6 Nxg3 27. Nf6+ Kh8 28. hxg3 Ne7 29. Nxe7 Qe5 30. Qd3 Bf5 31. Nxf5 Qxf6 32. Bg7+ Qxg7 33. Nxg7 Kxg7 34. Qxh7+ Kf6 35. Qf5+ Kg7 36. Qg5+ 1-0

[Event "Reykjavik Skakping op"]
[Site "Reykjavik"]
[Date "2023.01.11"]
[Round "2"]
[White "Domalchuk Jonasson, Aleksandr"]
[Black "Kjartansson, Dagur"]
[Result "1-0"]
[WhiteElo "2352"]
[BlackElo "1839"]
[PlyCount "55"]
[EventDate "2023.01.08"]
[EventType "swiss"]
[EventRounds "9"]
[EventCountry "ISL"]
[SourceTitle "EXT 2024"]
[Source "ChessBase"]
[SourceDate "2023.10.10"]
[SourceVersion "1"]
[SourceVersionDate "2023.10.10"]
[SourceQuality "1"]

1. d4 Nf6 2. c4 e6 3. Nc3 Bb4 4. Qc2 c5 5. dxc5 Bxc5 6. Nf3 Nc6 7. Bg5 h6 8. Bh4 0-0 9. a3 Be7 10. Rd1 b6 11. e4 Bb7 12. Be2 Rc8 13. 0-0 a6 14. Rd2 Qc7 15. Rfd1 Rfd8 16. b4 d6 17. Qb1 Rd7 18. b5 Na5 19. bxa6 Bxa6 20. e5 dxe5 21. Rxd7 Nxd7 22. Bxe7 Nb8 23. Bd6 Qa7 24. Nxe5 Bxc4 25. Nxc4 Nxc4 26. Bxc4 Rxc4 27. Nb5 Qb7 28. Be5 1-0

[Event "Gardabaer op"]
[Site "Gardabaer"]
[Date "2015.12.07"]
[Round "7"]
[White "Mai, Aron Thor"]
[Black "Kjartansson, Dagur"]
[Result "1/2-1/2"]
[WhiteElo "1535"]
[BlackElo "1818"]
[PlyCount "68"]
[EventDate "2015.10.26"]
[EventType "swiss"]
[EventRounds "7"]
[EventCountry "ISL"]
[SourceTitle "EXT 2019"]
[Source "ChessBase"]
[SourceDate "2018.10.10"]
[SourceVersion "1"]
[SourceVersionDate "2018.10.10"]
[SourceQuality "1"]

1. e4 c5 2. Nf3 Nc6 3. d3 g6 4. g3 Bg7 5. Bg2 e6 6. 0-0 Nge7 7. c3 0-0 8. Nbd2 d5 9. h4 b6 10. Re1 Ba6 11. Nf1 b5 12. e5 Qc7 13. d4 b4 14. Bf4 cxd4 15. cxd4 Qb6 16. Ne3 Rab8 17. b3 Rfc8 18. Qd2 Bb5 19. Ng4 Rb7 20. Bh6 Nf5 21. Bxg7 Kxg7 22. Rad1 Rbc7 23. Nf6 Nce7 24. g4 Nh6 25. Qg5 Nhg8 26. h5 h6 27. Qf4 Rc2 28. g5 Rxa2 29. Ng4 Nf5 30. gxh6+ Nfxh6 31. Nxh6 Nxh6 32. Qf6+ Kg8 33. hxg6 Qd8 34. gxf7+ Nxf7 1/2-1/2

[Event "ISL-chT2 1516"]
[Site "Reykjavik"]
[Date "2015.09.26"]
[Round "4.2"]
[White "Gudbjornsson, Arni"]
[Black "Kjartansson, Dagur"]
[Result "0-1"]
[WhiteElo "1742"]
[BlackElo "1802"]
[PlyCount "78"]
[EventDate "2015.09.25"]
[EventType "team-tourn"]
[EventRounds "7"]
[EventCountry "ISL"]
[SourceTitle "EXT 2017"]
[Source "ChessBase"]
[SourceDate "2016.10.25"]
[SourceVersion "1"]
[SourceVersionDate "2016.10.25"]
[SourceQuality "1"]
[WhiteTeam "Selfoss"]
[BlackTeam "Iceland CC"]
[WhiteTeamCountry "ISL"]
[BlackTeamCountry "ISL"]

1. e4 c5 2. Nf3 Nc6 3. d4 cxd4 4. Nxd4 g6 5. Be3 Bg7 6. Nc3 a6 7. Qd2 e6 8. 0-0-0 Nge7 9. f3 b5 10. Kb1 Bb7 11. g4 d5 12. Nxc6 Bxc6 13. Bd4 e5 14. Bc5 d4 15. Ne2 Rc8 16. Nc1 Bxe4 17. Bxe7 Rxc2 18. fxe4 Rxd2 19. Bxd8 Rxd1 20. Bxb5+ axb5 21. Rxd1 Kxd8 22. Rd3 Kd7 23. Rb3 Rb8 24. Nd3 Kd6 25. a4 f5 26. gxf5 gxf5 27. exf5 e4 28. Nf2 Kd5 29. axb5 Kc4 30. Kc2 Rd8 31. Rh3 d3+ 32. Kd1 Ra8 33. Nxe4 Bxb2 34. Ke1 Re8 35. Rxh7 Rxe4+ 36. Kd1 Bc3 37. Rc7+ Kb3 38. Rxc3+ Kxc3 39. b6 d2 0-1

[Event "Reykjavik op"]
[Site "Reykjavik"]
[Date "2013.02.24"]
[Round "7"]
[White "Mehringer, Joerg"]
[Black "Kjartansson, Dagur"]
[Result "1/2-1/2"]
[WhiteElo "1908"]
[BlackElo "1623"]
[PlyCount "63"]
[EventDate "2013.02.19"]
[EventType "swiss"]
[EventRounds "10"]
[EventCountry "ISL"]
[SourceTitle "CBM 153 Extra"]
[Source "ChessBase"]
[SourceDate "2013.04.22"]
[SourceVersion "1"]
[SourceVersionDate "2013.04.22"]
[SourceQuality "1"]

1. e4 c5 2. g3 Nc6 3. Bg2 g6 4. f4 Bg7 5. Nf3 e6 6. 0-0 Nge7 7. Nc3 0-0 8. d3 b6 9. Be3 d5 10. Bf2 d4 11. Ne2 e5 12. fxe5 Nxe5 13. Nxe5 Bxe5 14. Nf4 Bb7 15. Qg4 Qd6 16. Be1 f5 17. exf5 Bxg2 18. Kxg2 Nxf5 19. Bd2 Ne3+ 20. Bxe3 dxe3 21. Rae1 Bxf4 22. Rxf4 Qd5+ 23. Kh3 Rae8 24. Rxf8+ Rxf8 25. Rxe3 Rf2 26. Qc8+ Kg7 27. Re7+ Rf7 28. Rxf7+ Qxf7 29. b3 Qf1+ 30. Kg4 h5+ 31. Kh4 Qf6+ 32. Kh3 1/2-1/2

[Event "Reykjavik op"]
[Site "Reykjavik"]
[Date "2012.03.11"]
[Round "7"]
[White "Huizer, Mark A"]
[Black "Kjartansson, Dagur"]
[Result "1-0"]
[WhiteElo "2122"]
[BlackElo "1528"]
[PlyCount "54"]
[EventDate "2012.03.06"]
[EventType "swiss"]
[EventRounds "9"]
[EventCountry "ISL"]
[SourceTitle "CBM 147 Extra"]
[Source "ChessBase"]
[SourceDate "2012.04.24"]
[SourceVersion "1"]
[SourceVersionDate "2012.04.24"]
[SourceQuality "1"]

1. d4 e6 2. Nf3 Nf6 3. e3 b6 4. Bd3 Bb7 5. Nbd2 d5 6. 0-0 Be7 7. Qe2 0-0 8. Ne5 Nbd7 9. f4 c5 10. c3 c4 11. Bc2 b5 12. Rf3 Ne4 13. Nxe4 dxe4 14. Rh3 f5 15. b3 Nxe5 16. fxe5 Bd5 17. Qh5 h6 18. Qg6 Bg5 19. Ba3 Rf7 20. Bd6 Rc8 21. b4 Rc6 22. Bd1 Rxd6 23. exd6 Qxd6 24. a4 f4 25. Bh5 Rf6 26. Qe8+ Rf8 27. Qg6 fxe3 1-0

[Event "Reykjavik op"]
[Site "Reykjavik"]
[Date "2012.03.09"]
[Round "4"]
[White "Kjartansson, Dagur"]
[Black "Zachariassen, John"]
[Result "1/2-1/2"]
[WhiteElo "1528"]
[BlackElo "1939"]
[PlyCount "105"]
[EventDate "2012.03.06"]
[EventType "swiss"]
[EventRounds "9"]
[EventCountry "ISL"]
[SourceTitle "CBM 147 Extra"]
[Source "ChessBase"]
[SourceDate "2012.04.24"]
[SourceVersion "1"]
[SourceVersionDate "2012.04.24"]
[SourceQuality "1"]

1. c4 Nf6 2. Nc3 g6 3. g3 Bg7 4. Bg2 0-0 5. Nf3 d6 6. 0-0 e5 7. d4 Nbd7 8. Bg5 h6 9. dxe5 dxe5 10. Bxf6 Qxf6 11. Nd5 Qd8 12. Qc2 c6 13. Nc3 Qe7 14. Rad1 Nc5 15. b4 Ne6 16. b5 Nd4 17. Nxd4 exd4 18. Na4 Bf5 19. Qd2 cxb5 20. cxb5 Rac8 21. Rc1 Rxc1 22. Rxc1 Re8 23. Bf3 Bf6 24. Re1 Qa3 25. Nb2 Qxa2 26. Qb4 d3 27. Nxd3 Be7 28. Qc3 Bd6 29. e4 Be6 30. e5 Rc8 31. Qd4 Be7 32. Bxb7 Rd8 33. Qc3 Bc4 34. Nb4 Qd2 35. Qxd2 Rxd2 36. Rc1 Bxb5 37. Nd5 Ba3 38. Rc8+ Kg7 39. Nf6 Bf8 40. Ne8+ Bxe8 41. Rxe8 Bc5 42. e6 Rxf2 43. Kh1 fxe6 44. Rxe6 a5 45. Ra6 Bb4 46. Be4 Rf6 47. Rxf6 Kxf6 48. Bc2 g5 49. Kg2 g4 50. Bd1 Kg5 51. Kf2 h5 52. Kg2 Bc5 53. h3 1/2-1/2

[Event "Reykjavik op"]
[Site "Reykjavik"]
[Date "2012.03.08"]
[Round "3"]
[White "Andersson, Christin"]
[Black "Kjartansson, Dagur"]
[Result "0-1"]
[WhiteElo "2102"]
[BlackElo "1528"]
[PlyCount "116"]
[EventDate "2012.03.06"]
[EventType "swiss"]
[EventRounds "9"]
[EventCountry "ISL"]
[SourceTitle "CBM 147 Extra"]
[Source "ChessBase"]
[SourceDate "2012.04.24"]
[SourceVersion "1"]
[SourceVersionDate "2012.04.24"]
[SourceQuality "1"]

1. e4 c5 2. Nf3 Nc6 3. d4 cxd4 4. Nxd4 Nf6 5. Nc3 e5 6. Nxc6 bxc6 7. Bc4 Bb4 8. 0-0 0-0 9. Bg5 h6 10. Bh4 d6 11. Qd3 Qe7 12. Rad1 Rd8 13. a3 Ba5 14. b4 Bb6 15. b5 Bb7 16. bxc6 Bxc6 17. Bd5 Bxd5 18. Nxd5 Qe6 19. Nxf6+ gxf6 20. Qf3 Kg7 21. Rd3 Rg8 22. Qf5 Qxf5 23. exf5 Bc5 24. Rfd1 Rab8 25. Kf1 Rb2 26. R1d2 Ra2 27. Rg3+ Kh7 28. Rxg8 Kxg8 29. Bxf6 Rxa3 30. Be7 Ra6 31. Rd3 f6 32. Bxf6 Kf7 33. Bh4 Ra2 34. Rc3 a5 35. Rb3 Bb4 36. c3 Bc5 37. Rb7+ Kf8 38. f6 a4 39. g4 a3 40. f7 Rb2 41. Rc7 a2 42. Be7+ Kxf7 43. Bxd6+ Ke6 44. Bxc5 a1Q+ 45. Kg2 Qa8+ 46. Kg3 Qe4 47. Be3 Rb1 48. h3 Rg1+ 49. Kh4 Rh1 50. Kg3 h5 51. Rg7 h4+ 52. Kxh4 Qf3 53. Rg6+ Kf7 54. Kg5 Rxh3 55. c4 Rh4 56. Kxh4 Kxg6 57. c5 Qg2 58. g5 Kf5 0-1

[Event "Reykjavik op"]
[Site "Reykjavik"]
[Date "2011.03.13"]
[Round "6.75"]
[White "Kjartansson, Dagur"]
[Black "Van Dongen, Leo"]
[Result "0-1"]
[WhiteElo "1517"]
[BlackElo "1828"]
[PlyCount "78"]
[EventDate "2011.03.09"]
[EventType "swiss"]
[EventRounds "9"]
[EventCountry "ISL"]
[SourceTitle "CBM 141 Extra"]
[Source "ChessBase"]
[SourceDate "2011.05.03"]
[SourceVersion "1"]
[SourceVersionDate "2011.05.03"]
[SourceQuality "1"]

1. c4 Nf6 2. Nc3 g6 3. g3 Bg7 4. Bg2 d6 5. Nf3 0-0 6. 0-0 Nc6 7. d4 e5 8. d5 Ne7 9. e4 c6 10. Bg5 h6 11. Be3 Ng4 12. Qd2 Nxe3 13. fxe3 Rb8 14. a4 a6 15. Rad1 c5 16. Rf2 Bd7 17. b3 Kh7 18. Rdf1 Be8 19. g4 Ng8 20. h4 Qe7 21. Ne2 Bd7 22. Bh3 Nf6 23. Nh2 Nxe4 24. Qc2 Nxf2 25. Rxf2 Qxh4 26. Bg2 Kg8 27. Ng3 Rbe8 28. e4 Qe7 29. Nhf1 b5 30. Ne3 bxa4 31. bxa4 Rb8 32. Kh2 Rb4 33. Qd2 Bxa4 34. Nef5 gxf5 35. gxf5 f6 36. Nh5 Rbb8 37. Qa2 Bb3 38. Qxa6 Bxc4 39. Qc6 Bb5 0-1

[Event "Reykjavik op"]
[Site "Reykjavik"]
[Date "2011.03.10"]
[Round "2.76"]
[White "Kjartansson, Dagur"]
[Black "Magnusson, Magnus"]
[Result "0-1"]
[WhiteElo "1517"]
[BlackElo "2026"]
[PlyCount "50"]
[EventDate "2011.03.09"]
[EventType "swiss"]
[EventRounds "9"]
[EventCountry "ISL"]
[SourceTitle "CBM 141 Extra"]
[Source "ChessBase"]
[SourceDate "2011.05.03"]
[SourceVersion "1"]
[SourceVersionDate "2011.05.03"]
[SourceQuality "1"]

1. d4 Nf6 2. c4 e6 3. Nc3 Bb4 4. Nf3 Bxc3+ 5. bxc3 d6 6. Bg5 Nbd7 7. e3 h6 8. Bh4 Qe7 9. Be2 e5 10. 0-0 e4 11. Nd2 g5 12. Bg3 h5 13. f4 h4 14. Be1 g4 15. Bxg4 Nxg4 16. Qxg4 Nf6 17. Qg5 Rh5 18. Qg7 Bf5 19. g4 hxg3 20. Qxg3 0-0-0 21. Kh1 Rg8 22. Qf2 Ng4 23. Qe2 Rxh2+ 24. Qxh2 Nxh2 25. Kxh2 Qf6 0-1

[Event "Reykjavik op"]
[Site "Reykjavik"]
[Date "2010.02.24"]
[Round "1"]
[White "Einarsson, Halldor Gretar"]
[Black "Kjartansson, Dagur"]
[Result "1-0"]
[WhiteElo "2260"]
[BlackElo "1485"]
[PlyCount "39"]
[EventDate "2010.02.24"]
[EventType "swiss"]
[EventRounds "9"]
[EventCountry "ISL"]
[SourceTitle "CBM 135 Extra"]
[Source "ChessBase"]
[SourceDate "2010.05.04"]
[SourceVersion "1"]
[SourceVersionDate "2010.05.04"]
[SourceQuality "1"]

1. d4 e6 2. c4 Nf6 3. Nf3 Be7 4. Nc3 d5 5. Bf4 0-0 6. e3 Bb4 7. Bd3 Nbd7 8. Qc2 dxc4 9. Bxc4 Nb6 10. Bd3 Nbd5 11. Bg3 b6 12. e4 Nxc3 13. bxc3 Ba5 14. 0-0 h6 15. Bh4 g5 16. Nxg5 hxg5 17. Bxg5 Bb7 18. f3 c5 19. e5 cxd4 20. Bxf6 1-0

[Event "ISL-chB"]
[Site "Reykjavik"]
[Date "2009.09.02"]
[Round "5"]
[White "Benediktsson, Frimann"]
[Black "Kjartansson, Dagur"]
[Result "1-0"]
[WhiteElo "1950"]
[BlackElo "1455"]
[PlyCount "71"]
[EventDate "2009.08.29"]
[EventType "swiss"]
[EventRounds "9"]
[EventCountry "ISL"]
[SourceTitle "EXT 2012"]
[Source "ChessBase"]
[SourceDate "2011.11.24"]
[SourceVersion "1"]
[SourceVersionDate "2011.11.24"]
[SourceQuality "1"]

1. d4 Nf6 2. Nf3 e6 3. c4 c5 4. g3 cxd4 5. Nxd4 Nc6 6. Bg2 d5 7. 0-0 Be7 8. Nc3 0-0 9. cxd5 Nxd5 10. Nxd5 exd5 11. Be3 Bf6 12. Rc1 Bd7 13. Qd2 Rc8 14. Rfd1 Bxd4 15. Bxd4 Nxd4 16. Qxd4 Rxc1 17. Rxc1 Bc6 18. Rd1 Qe7 19. e3 a6 20. a3 Rd8 21. e4 g6 22. exd5 Qe2 23. Qd2 Qe5 24. Qc3 Qh5 25. Bf3 Qf5 26. dxc6 Rxd1+ 27. Bxd1 bxc6 28. Bf3 c5 29. Kg2 g5 30. h3 h6 31. g4 Qc8 32. b4 c4 33. Bd5 Qd7 34. Qxc4 Kg7 35. Qc6 Qd8 36. a4 1-0

[Event "ISL-chB"]
[Site "Reykjavik"]
[Date "2009.08.29"]
[Round "1"]
[White "Kjartansson, Dagur"]
[Black "Bergsson, Stefan"]
[Result "1-0"]
[WhiteElo "1455"]
[BlackElo "2070"]
[PlyCount "81"]
[EventDate "2009.08.29"]
[EventType "swiss"]
[EventRounds "9"]
[EventCountry "ISL"]
[SourceTitle "EXT 2012"]
[Source "ChessBase"]
[SourceDate "2011.11.24"]
[SourceVersion "1"]
[SourceVersionDate "2011.11.24"]
[SourceQuality "1"]

1. c4 c5 2. Nc3 Nf6 3. e3 d5 4. cxd5 Nxd5 5. Nf3 Nc6 6. Bb5 Nxc3 7. bxc3 Qc7 8. 0-0 a6 9. Bxc6+ Qxc6 10. d4 e6 11. Ne5 Qc7 12. Bb2 Bd6 13. Nf3 0-0 14. Rc1 Bd7 15. c4 cxd4 16. Qxd4 e5 17. Nxe5 Bxe5 18. Qxe5 Qxe5 19. Bxe5 Rfc8 20. a3 Rc5 21. Bd6 Rc6 22. c5 Rac8 23. Rfd1 b6 24. h3 Bf5 25. Be7 f6 26. Rd6 Kf7 27. Rxc6 Rxc6 28. Bd6 Ke6 29. f3 Bd3 30. e4 f5 31. exf5+ Kd5 32. Bf8 bxc5 33. Bxg7 Bxf5 34. Kf2 c4 35. g4 Bd3 36. f4 Ke4 37. f5 Kf4 38. f6 Bg6 39. Rd1 Re6 40. Rd7 Bd3 41. Rxd3 1-0

[Event "Reykjavik Meistaramot Hellis op"]
[Site "Reykjavik"]
[Date "2009.02.23"]
[Round "7"]
[White "Schioth, Tjorvi"]
[Black "Kjartansson, Dagur"]
[Result "1-0"]
[WhiteElo "1375"]
[BlackElo "1483"]
[PlyCount "73"]
[EventDate "2009.02.02"]
[EventType "swiss"]
[EventRounds "7"]
[EventCountry "ISL"]
[SourceTitle "EXT 2010"]
[Source "ChessBase"]
[SourceDate "2010.11.25"]
[SourceVersion "1"]
[SourceVersionDate "2010.11.25"]
[SourceQuality "1"]

1. e4 c5 2. Nf3 Nc6 3. d4 cxd4 4. Nxd4 e6 5. Nb5 Nf6 6. N1c3 a6 7. Nd6+ Bxd6 8. Qxd6 Qe7 9. Qxe7+ Nxe7 10. Bd3 0-0 11. 0-0 h6 12. e5 Nfd5 13. Nxd5 Nxd5 14. Bd2 b5 15. c4 bxc4 16. Bxc4 Bb7 17. Rac1 Rac8 18. Bb3 Rxc1 19. Rxc1 Rc8 20. Rxc8+ Bxc8 21. Kf1 Ne7 22. Ke2 Bb7 23. Ba4 Bc6 24. Bxc6 dxc6 25. Kd3 Kf8 26. Kc4 Ng6 27. Bc3 Ke7 28. Kc5 Kd7 29. Kb6 Nf4 30. Kxa6 Nxg2 31. Kb7 Nf4 32. a4 Nd3 33. b4 c5 34. b5 Nb4 35. a5 Nd5 36. Bb2 Nc7 37. b6 1-0

[Event "Reykjavik Meistaramot Hellis op"]
[Site "Reykjavik"]
[Date "2009.02.16"]
[Round "5"]
[White "Kjartan, Masson"]
[Black "Kjartansson, Dagur"]
[Result "1/2-1/2"]
[WhiteElo "1745"]
[BlackElo "1483"]
[PlyCount "62"]
[EventDate "2009.02.02"]
[EventType "swiss"]
[EventRounds "7"]
[EventCountry "ISL"]
[SourceTitle "EXT 2010"]
[Source "ChessBase"]
[SourceDate "2010.11.25"]
[SourceVersion "1"]
[SourceVersionDate "2010.11.25"]
[SourceQuality "1"]

1. d4 d5 2. c4 e6 3. Nc3 Nf6 4. Bg5 Be7 5. Nf3 b6 6. e3 Bb7 7. Bxf6 Bxf6 8. cxd5 exd5 9. Bd3 0-0 10. 0-0 c5 11. dxc5 bxc5 12. Qb3 Qd7 13. Rad1 c4 14. Bxc4 dxc4 15. Rxd7 cxb3 16. Rxb7 Bxc3 17. bxc3 bxa2 18. Ra1 Rd8 19. Nd4 Rc8 20. Nb5 Nc6 21. Rxa2 a6 22. Nc7 Rab8 23. Rxb8 Nxb8 24. Nxa6 Rxc3 25. g3 Nxa6 26. Rxa6 g6 27. Rd6 h5 28. Kg2 Kg7 29. h3 Rc4 30. Kf3 g5 31. Rd4 Rc5 1/2-1/2

[Event "Reykjavik-ch"]
[Site "Reykjavik"]
[Date "2009.01.28"]
[Round "8"]
[White "Kjartansson, Dagur"]
[Black "Kristinardottir, Elsa Maria"]
[Result "0-1"]
[WhiteElo "1483"]
[BlackElo "1769"]
[PlyCount "58"]
[EventDate "2009.01.11"]
[EventType "swiss"]
[EventRounds "9"]
[EventCountry "ISL"]
[SourceTitle "EXT 2010"]
[Source "ChessBase"]
[SourceDate "2010.11.25"]
[SourceVersion "1"]
[SourceVersionDate "2010.11.25"]
[SourceQuality "1"]

1. d4 d5 2. c4 c6 3. Nc3 Nf6 4. Bg5 e6 5. Nf3 Be7 6. e3 0-0 7. cxd5 exd5 8. Be2 Bf5 9. 0-0 Nbd7 10. Rc1 h6 11. Bf4 Nh5 12. Bg3 Nxg3 13. fxg3 Bh7 14. Bd3 Bxd3 15. Qxd3 Re8 16. Rf2 Nf6 17. Ne5 Bd6 18. Qf5 Qe7 19. Rcf1 Bxe5 20. dxe5 Qxe5 21. Qxe5 Rxe5 22. Rf3 Rae8 23. Nd1 R8e7 24. h3 Ne4 25. Rf5 Rxf5 26. Rxf5 Nxg3 27. Rf3 Ne4 28. Rf4 Nd2 29. b3 g5 0-1

[Event "Reykjavik-ch"]
[Site "Reykjavik"]
[Date "2009.01.25"]
[Round "7"]
[White "Benediktsson, Frimann"]
[Black "Kjartansson, Dagur"]
[Result "1-0"]
[WhiteElo "1939"]
[BlackElo "1483"]
[PlyCount "75"]
[EventDate "2009.01.11"]
[EventType "swiss"]
[EventRounds "9"]
[EventCountry "ISL"]
[SourceTitle "EXT 2010"]
[Source "ChessBase"]
[SourceDate "2010.11.25"]
[SourceVersion "1"]
[SourceVersionDate "2010.11.25"]
[SourceQuality "1"]

1. d4 Nf6 2. c4 e6 3. Nc3 Bb4 4. Qc2 0-0 5. Bg5 h6 6. Bh4 d5 7. e3 c5 8. a3 Bxc3+ 9. bxc3 cxd4 10. cxd4 Qa5+ 11. Qd2 Qxd2+ 12. Kxd2 g5 13. Bg3 Ne4+ 14. Kd1 Bd7 15. f3 Ba4+ 16. Ke1 Nxg3 17. hxg3 Kg7 18. Kd2 Nd7 19. Bd3 dxc4 20. Bxc4 Rac8 21. Bd3 e5 22. Ne2 Rfd8 23. Nc3 Bb3 24. Ne2 Nb6 25. Rhc1 exd4 26. Nxd4 Nc4+ 27. Bxc4 Rxc4 28. Ke2 Ba2 29. Rd1 Rdxd4 30. Rxd4 Rxd4 31. exd4 Bc4+ 32. Ke3 f5 33. Rb1 b5 34. d5 Bxd5 35. Rxb5 Bc4 36. Rb7+ Kg6 37. Rxa7 Bf1 38. Kf2 1-0